Theory of elasticity (Record no. 528209)

000 -LEADER
fixed length control field 00915cam a22003011 4500
001 - CONTROL NUMBER
control field 2183029
003 - CONTROL NUMBER IDENTIFIER
control field NUST
005 - DATE AND TIME OF LATEST TRANSACTION
control field 20190902072123.0
008 - FIXED-LENGTH DATA ELEMENTS--GENERAL INFORMATION
fixed length control field 860408s1968 ru a b 000 0 eng
010 ## - LIBRARY OF CONGRESS CONTROL NUMBER
LC control number 70426671
015 ## - NATIONAL BIBLIOGRAPHY NUMBER
National bibliography number USSR 68-32661
020 ## - INTERNATIONAL STANDARD BOOK NUMBER
Terms of availability 1.81
038 ## - RECORD CONTENT LICENSOR
Staff Name M.Ramzan
040 ## - CATALOGING SOURCE
Original cataloging agency DLC
Transcribing agency DLC
Modifying agency DLC
041 1# - LANGUAGE CODE
Language code of text/sound track or separate title engrus
050 00 - LIBRARY OF CONGRESS CALL NUMBER
Classification number QA931
Item number .F5313 1968
082 00 - DEWEY DECIMAL CLASSIFICATION NUMBER
Classification number 531.38
Author Mark BOR
100 2# - MAIN ENTRY--PERSONAL NAME
Personal name Filonenko-Borodich, M.
Fuller form of name (Mikhail),
Dates associated with a name 1885-
9 (RLIN) 19827
240 10 - UNIFORM TITLE
Uniform title Teorii︠a︡ uprugosti.
Language of a work English
245 10 - TITLE STATEMENT
Title Theory of elasticity
Statement of responsibility, etc. [by] M. Filonenko-Borodich. Translated from the Russian by M. Konyaeva.
260 ## - PUBLICATION, DISTRIBUTION, ETC.
Place of publication, distribution, etc. Moscow,
Name of publisher, distributor, etc. Mir,
Date of publication, distribution, etc. 1968.
300 ## - PHYSICAL DESCRIPTION
Extent 388 p.
Other physical details with diagrs.
Dimensions 22 cm.
500 ## - GENERAL NOTE
General note Translation of Teorii︠a︡ uprugosti.
504 ## - BIBLIOGRAPHY, ETC. NOTE
Bibliography, etc. note Bibliography: p. [381]
650 #0 - SUBJECT ADDED ENTRY--TOPICAL TERM
Topical term or geographic name entry element Elasticity.
9 (RLIN) 10835
906 ## - LOCAL DATA ELEMENT F, LDF (RLIN)
a 7
b cbc
c orignew
d 4
e ncip
f 19
g y-gencatlg
942 ## - ADDED ENTRY ELEMENTS (KOHA)
Source of classification or shelving scheme
Koha item type Book
Holdings
Withdrawn status Lost status Source of classification or shelving scheme Damaged status Not for loan Permanent Location Current Location Date acquired Total Checkouts Full call number Barcode Date last seen Price effective from Koha item type
          School of Civil and Environmental Engineering (SCEE) School of Civil and Environmental Engineering (SCEE) 09/02/2019   531.38 BOR NIT-10276 09/02/2019 09/02/2019 Book
© 2023 Central Library, National University of Sciences and Technology. All Rights Reserved.